Zoology SYBSC Vol.I (Record no. 825327)

MARC details
000 -LEADER
fixed length control field 00548nam a2200217Ia 4500
008 - FIXED-LENGTH DATA ELEMENTS--GENERAL INFORMATION
fixed length control field 101110s9999 xx 000 0 und d
041 ## - LANGUAGE CODE
Language code of text/sound track or separate title ENGLISH
082 ## - DEWEY DECIMAL CLASSIFICATION NUMBER
Item number SR32826
100 ## - MAIN ENTRY--PERSONAL NAME
Personal name Bhattacharya S.S.& Yeragi S.G.
245 ## - TITLE STATEMENT
Title Zoology SYBSC Vol.I
260 ## - PUBLICATION, DISTRIBUTION, ETC. (IMPRINT)
Date of publication, distribution, etc 2009
Name of publisher, distributor, etc Sheth publishers pvt.ltd.Mumbai
300 ## - PHYSICAL DESCRIPTION
Extent 477
365 ## - TRADE PRICE
Price amount 200
520 ## - SUMMARY, ETC.
Summary, etc Biology/Zoology
546 ## - LANGUAGE NOTE
Language note ENGLISH
630 ## - SUBJECT ADDED ENTRY--UNIFORM TITLE
Uniform title Zoology SYBSC Vol.I
650 ## - SUBJECT ADDED ENTRY--TOPICAL TERM
Topical term or geographic name as entry element Biology/Zoology
655 ## - INDEX TERM--GENRE/FORM
Genre/form data or focus term Biology/Zoology
730 ## - ADDED ENTRY--UNIFORM TITLE
Uniform title Zoology SYBSC Vol.I
942 ## - ADDED ENTRY ELEMENTS (KOHA)
Koha item type Book
Holdings
Withdrawn status Lost status Damaged status Not for loan Home library Current library Date acquired Source of acquisition Cost, normal purchase price Shelving control number Total Checkouts Barcode Date last seen Price effective from Koha item type
        D. B. J. College, Chiplun D. B. J. College, Chiplun   Pratham books & stationery shoppy, Mumbai cash memo no.136 dt.14/11/09 200.00     DBJSR32826 11/11/2010 11/11/2010 Book